000
00219nam a22000977a 4500
082
_a
891.4393 QUR
100
_a
QURAT UL AIN
_9
1394
245
_a
KAR JEHAN DRAZ HAY
260
_b
SANG E MEEL PUBLISHER
_c
2001
942
_c
BK
999
_c
569052
_d
569052